01104cam a22002775a 45000010009000000050017000090080041000260200015000670200018000820400080001000820022001802450082002022600048002843000034003325000024003665040041003906500057004316500045004886510010005336530034005437000036005777000031006139420008006449990017006529520157006691833141120151028115025.0141010t2014 nyua frb 001 0 eng d a0071792708 a9780071792707 aYDXCPbengcYDXCPdBDXdBTCTAdKSUdCGUdOCLCQdOCLCOdOCLCQdDLCdEG-ScBUE04a658.4063222bGLO00aGlobal innovation science handbook /ceditors Praveen Gupta, Brett E. Trusko. aNew York :bMcGraw-Hill Education,cc.2014. axxx, 866 p. :bill. ;c29 cm. aIndex : p. 853-866. aIncludes bibliographical references. 7aTechnological innovationsxManagement.9338372BUEsh 7aReengineering (Management)2BUEsh913393 2BUEsh bBUSADMcJune2015cOctober20151 aGupta, Praveen,d1957-eeditor.1 aTrusko, Brett E.,eeditor. 2ddc c19851d19823 00102ddc40708AlahramaMAINbMAINc1STd2015-06-24ePurchaseg675.00h326l1m8o658.4063 GLOp000038935r2025-07-15 00:00:00s2022-06-25v843.75yBB